000 00468nam a2200169Ia 4500
999 _c11985
_d11985
003 OSt
005 20201015113054.0
008 190216s9999||||xx |||||||||||||| ||und||
040 _coclc
082 _a891.4337
_bAGY/E
100 _aAgyeya
_95226
245 0 _aTo Each His Stranger /
_cAgyeya
260 _bOrient Paper Back,
_c1967.
_aDelhi:
300 _a113p
650 _aEnglish Novel
942 _cBK
_2ddc
_h891.4337
_iAGY/E
_k891.4337
_mAGY/E